| 000 | 02058nam0a2200385 4500 | ||
|---|---|---|---|
| 001 | RU\NLR\BIBL_A\022361093 | ||
| 005 | 20260408203932.0 | ||
| 010 |
_a978-5-507-49009-7 _930 |
||
| 035 | _a(NLR Aleph) 022361093 | ||
| 090 |
_a13327078 _c13327078 |
||
| 100 | _a20241023d2024 |||y0rusy50 ca | ||
| 101 | 0 | _arus | |
| 102 | _aRU | ||
| 105 | _aa j 000yy | ||
| 181 | 0 |
_ai _baxxe |
|
| 182 | 0 | _an | |
| 200 | 1 |
_aБизнес и информационные технологии для систем управления предприятием на базе SAP _eучебное пособие _fЛ. И. Абросимов, С. В. Борисова, А. П. Бурцев [и др.] |
|
| 203 |
_aТекст _bвизуальный _cнепосредственный |
||
| 205 | _a2-е изд., стер. | ||
| 210 |
_aСанкт-Петербург [и др.] _cЛань _d2024 (печ. 2023) |
||
| 215 |
_a810, [1] с. _cил., табл. _d24 |
||
| 225 | 1 | _aВысшее образование | |
| 300 | _aАвт. указаны на тит. с. и в макете | ||
| 320 | _aБиблиогр. в прилож. с. 811 (12 назв.) | ||
| 606 | 1 |
_aПредприятия _jУчебные издания для высших учебных заведений _xУправление _xИнформационные технологии _92531508 _3RU\NLR\AUTH\6601713241 |
|
| 606 |
_aSAP, информационная система _jУчебные издания для высших учебных заведений _3RU\NLR\auth\661555043 _92618483 |
||
| 686 | 1 | _aУ21(2)91(2Р)в612я73 | |
| 686 | 1 | _aЗ988.02я73-1 | |
| 701 | 1 |
_aАбросимов _bЛ. И. _gЛеонид Иванович |
|
| 701 | 1 |
_aБорисова _bС. В. _cпреподаватель, информ. системы _gСветлана Вячеславовна _9252524 _3RU\NLR\AUTH\770252580 |
|
| 701 | 1 |
_aБурцев _bА. П. _gАндрей Петрович |
|
| 942 | _cBOOK | ||
| 980 | _aNB | ||